000
00272nam a22001097a 4500
008
160422b xxu||||| |||| 00| 0 eng d
020
_a
0721658067
041
_a
eng
080
_a
618.2
245
_a
Medical surgical nursing:
_c
Joan Luckmann; Karen Creason;
942
_2
udc
_c
BK
999
_c
1515
_d
1515